000
00335nam a2200145Ia 4500
008
191201s2009 xx 000 0 und d
082
_a
005.133
_b
SHW
100
_a
SHARMA, Rashmi
245
0
_a
Web Technology
250
_a
3rd Rep
260
_a
N. Delhi
_b
Sun India
_c
2009
300
_a
MISC
650
_a
B.Tech(IT)
942
_2
ddc
_c
BK
999
_c
4652
_d
4652